Puebla : (Record no. 23543)

MARC details
000 -LEADER
campo de control de longitud fija 00804nam a2200229 a 4500
003 - IDENTIFICADOR DE NÚMERO DE CONTROL
campo de control Co-PeBPM
005 - FECHA Y HORA DE LA ÚLTIMA TRANSACCIÓN
campo de control 20251019202432.0
008 - DATOS DE LONGITUD FIJA--INFORMACIÓN GENERAL
campo de control de longitud fija 231129s1979||||xx |||||||||||||| ||spa||
040 ## - FUENTE DE CATALOGACIÓN
Lengua de catalogación spa
Centro catalogador/agencia de origen Co-PeBPM
Centro/agencia transcriptor Co-PeBPM
Normas de descripción RDA
041 ## - CÓDIGO DE IDIOMA
Código de lengua del texto/banda sonora o título independiente spa
082 ## - NÚMERO DE LA CLASIFICACIÓN DECIMAL DEWEY
Número de clasificación 261.8728 P977p
111 ## - ENTRADA PRINCIPAL--NOMBRE DE CONGRESO/REUNIÓN
Nombre de congreso/reunión o jurisdicción como elemento de entrada III Conferencia general del episcopado Latinoamericano
245 #0 - MENCIÓN DEL TÍTULO
Título Puebla :
Resto del título La evangelización en el presente y en el futuro de América Latina
250 ## - MENCION DE EDICION
Mención de edición Novena
264 ## - PRODUCCIÓN, PUBLICACIÓN, DISTRIBUCIÓN, FABRICACIÓN Y COPYRIGHT
Producción, publicación, distribución, fabricación y copyright Caracas (Venezuela) : Ediciones Trí­pode; 1979
300 ## - DESCRIPCIÓN FÍSICA
Extensión 247 páginas;
Dimensiones 21cms
500 ## - NOTA GENERAL
Nota general Incluye índice general e Índice analítico
505 ## - NOTA DE CONTENIDO CON FORMATO
Nota de contenido con formato Incluye índice general e Índice analítico
650 14 - PUNTO DE ACCESO ADICIONAL DE MATERIA--TÉRMINO DE MATERIA
Fuente del encabezamiento o término LEMB
Término de materia o nombre geográfico como elemento de entrada Evangelización
Subdivisión geográfica América Latina
650 14 - PUNTO DE ACCESO ADICIONAL DE MATERIA--TÉRMINO DE MATERIA
Fuente del encabezamiento o término LEMB
Término de materia o nombre geográfico como elemento de entrada Conferencia Epíscopal
Subdivisión general Iglesia
942 ## - ELEMENTOS DE ENTRADA SECUNDARIOS (KOHA)
Fuente del sistema de clasificación o colocación Clasificación Decimal Dewey
Tipo de ítem Koha Libros
Suprimir en OPAC No
Holdings
Estatus retirado Estado de pérdida Fuente del sistema de clasificación o colocación Estado de daño No para préstamo Colección Biblioteca de origen Biblioteca actual Ubicación en estantería Fecha de adquisición Fuente de adquisición Total de préstamos Signatura topográfica completa Código de barras Visto por última vez Copia número Precio de reemplazo Tipo de ítem Koha
    Clasificación Decimal Dewey     General BIBLIOTECA PÚBLICA MUNICIPAL RAMON CORREA MEJIA BIBLIOTECA PÚBLICA MUNICIPAL RAMON CORREA MEJIA Colección general 30/12/2009 Compra   261.8728 P977p 06628 29/11/2023 Ej.3 29/11/2023 Libros
    Clasificación Decimal Dewey     General BIBLIOTECA PÚBLICA MUNICIPAL RAMON CORREA MEJIA BIBLIOTECA PÚBLICA MUNICIPAL RAMON CORREA MEJIA Colección general 27/12/2010 Compra   261.8728 P977p 06627 29/11/2023 Ej.1 29/11/2023 Libros

Powered by Koha